|
|
|
|
| LEADER |
01028nam a2200277 a 4500 |
| 001 |
4533175 |
| 008 |
090727s1994 onc 000 1 eng d |
| 010 |
|
|
|a 66008902
|
| 020 |
|
|
|a 1853262277
|
| 040 |
|
|
|a DLC
|c DLC
|d DLC
|
| 082 |
0 |
0 |
|a 823/.8
|2 19
|
| 100 |
1 |
|
|a Hardy, Thomas,
|d 1840-1928.
|
| 245 |
1 |
0 |
|a Under the greenwood tree, or, The Mellstock quire/
|c Thomas Hardy.
|
| 260 |
|
|
|a Toronto;
|a London:
|b Macmillan,
|a New York;
|b St. Martin's Press;
|b Wordsworth edition ltd.,
|c 1994.
|
| 300 |
|
|
|a 146 p.
|c 19 cm.
|
| 490 |
0 |
|
|a Wordsworth Classics.
|
| 541 |
1 |
|
|e 00015851
|
| 651 |
|
0 |
|a Wessex (England)
|v Fiction.
|
| 650 |
|
0 |
|a Church musicians
|v Fiction.
|
| 650 |
|
0 |
|a Choirs (Music)
|v Fiction.
|
| 650 |
|
0 |
|a Women teachers
|v Fiction.
|
| 650 |
|
0 |
|a Courtship
|v Fiction.
|
| 852 |
4 |
|
|a Ayesha Abed Library
|j General Shelf.
|
| 942 |
0 |
0 |
|0 1
|
| 999 |
|
|
|c 2999
|d 2999
|
| 952 |
|
|
|0 0
|1 0
|2 ddc
|4 0
|6 823_800000000000000_HAR
|7 0
|9 2713
|a BRACUL
|b BRACUL
|c GEN
|d 2009-08-18
|g 162.00
|l 12
|m 45
|o 823.8 HAR
|p 3010015851
|r 2023-01-09
|s 2022-04-12
|t 1
|v 324.00
|w 2009-08-18
|y BK
|